Ateliér čtrnáctideník současného výtvarného umění

Bibliographic Details
Format: Journal
Language:Czech
PhysicalDescription:zv. 48 cm
Published: Praha Svaz českých výtvarních umělců 1988-
Praha Unie výtvarných umělců
Praha Společnost časopisu Ateliér
ISSN:1210-5236
Subjects:
Online Access:http://www.atelier-journal.cz

MARC

LEADER 00000cas a22000004a 4500
001 vtls008297872
003 SK-MaSNL
005 20260228155822.0
008 050916c19889999xr er p 0 b0cze c
022 |a 1210-5236 
035 |a (SVKBB03)vtls000047455 
040 |a SVKPO  |b slo  |c SVKPO  |d SVKBB  |d SNK  |e AACR42 
041 0 |a cze 
044 |a xr  |c CZ 
072 7 |a 72/76  |x Výtvarné umenie  |2 konspekt 
080 |a 72/76  |2 2011 
245 0 0 |a Ateliér  |b čtrnáctideník současného výtvarného umění 
247 0 1 |a Ateliér  |b čtrnáctideník Svazu výtvarných umělců  |f 1988-1990 
260 |a Praha  |b Svaz českých výtvarních umělců  |c 1988- 
260 2 |3 1991-1992  |a Praha  |b Unie výtvarných umělců 
260 3 |3 1993-  |a Praha  |b Společnost časopisu Ateliér 
300 |a zv.  |c 48 cm 
310 |a 26x ročne 
362 0 |a Roč. 1, č. 1 (1988)- 
650 0 7 |a výtvarné umenie  |2 SNKPH  |9 723 
852 |a Štátna vedecká knižnica v Banskej Bystrici 
856 4 1 |u http://www.atelier-journal.cz 
910 |a snk 
910 |a svkpo 
999 |c 672  |d 672 
952 |0 0  |1 0  |4 0  |7 1  |8 4  |a SNK  |b SNK  |d 2014-09-04  |i snk2014/18048  |l 0  |o snkČA 1294/25/2012  |p 17A0869994  |r 2026-02-21 21:44:32  |t č. 1-26  |w 2026-02-21  |y NEVYP 
952 |0 0  |1 0  |4 0  |7 1  |8 4  |a SNK  |b SNK  |d 2014-09-02  |i snk2014/17797  |l 0  |o snkČA 1294/24/2011  |p 17A0869944  |r 2026-02-21 21:44:39  |t č. 1-26, neúplné  |w 2026-02-21  |y NEVYP  |z chýba č. 1, 3 
952 |0 0  |1 0  |4 0  |7 0  |8 4  |a SNK  |b SNK  |d 2015-06-05  |i snk2015/17655  |l 0  |o snkČA 1294/26/2013  |p 17A1096590  |r 2026-02-21 21:45:16  |t č. 1-26  |w 2026-02-21  |y PREZ 
952 |0 0  |1 0  |4 0  |7 1  |8 4  |a SNK  |b SNK  |d 2016-06-29  |i snk2016/16668  |l 0  |o snkČA 1294/27/2014  |p 17A1100387  |r 2026-02-21 21:47:29  |t č. 1-26  |w 2026-02-21  |y NEVYP 
952 |0 0  |1 0  |4 0  |7 0  |8 4  |a SNK  |b SNK  |d 2017-10-12  |i snk2017/22190  |l 0  |o snkČA 1294/28/2015  |p 17A1264154  |r 2026-02-21 22:04:47  |t č. 1-26 + reg.  |w 2026-02-21  |y PREZ